01674nam a2200277 a 4500001001500000005001700015008004100032020003500073020003000108040000600138050001600144082001500160100002800175245009300203260004700296300002100343520081100364650001501175650001201190650002501202650001801227650003601245650002201281650001101303856008201314ASIN193504915120170105102856.0130905s2009 xxu eng d a1935049151 (hardcover)c$65.00 a9781935049159 (hardcover) a004aDS79.764.K604a956.7044321 aBaltrusaitis, Daniel F.10aCoalition politics and the iraq war :bdeterminants of choice /cDaniel F. Baltrusaitis. a[S.l.] :bLynne Rienner Publishers,c2009. a259 p. ;c24 cm. aJohn Cameron draws on power-based approaches to the study of democratization as he thoughtfully explores efforts by indigenous and peasant groups to gain control of local governments and deepen democracy in Bolivia, Ecuador, and Peru. Cameron addresses three fundamental questions: What factors best explain the success or failure of local political movements in the Andes? What forms of democracy are emerging in indigenous- and peasant-controlled municipalities? What are the impacts of municipal democratization on the well-being and political identities of the citizenry? As he elucidates his results, he reminds readers that, in the midst of some of the most exclusionary and elite-dominated systems of local government in Latin America, political struggles for democracy are having a profound impact. 0aCoalitions 0aGermany 0aIraq War (2003-2011) 0aKorea (South) 0aMilitary participation--Foreign 0aPolitical science 0aTurkey403Amazon.comuhttp://www.amazon.com/exec/obidos/ASIN/1935049151/chopaconline-20